Delhi-Meerut Riots, Analysi, Compilation and Documentation (Record no. 6417)
[ view plain ]
| 000 -LEADER | |
|---|---|
| fixed length control field | 00647nam a2200241 a 4500 |
| 020 ## - INTERNATIONAL STANDARD BOOK NUMBER | |
| ISBN | 8120281 |
| 082 00 - DEWEY DECIMAL CLASSIFICATION NUMBER | |
| Classification number | 303.623 |
| Author Cutter | ENG2 |
| 100 ## - MAIN ENTRY--AUTHOR NAME | |
| Author name | Engineer, Asghar Ali |
| 245 ## - TITLE STATEMENT | |
| Title | Delhi-Meerut Riots, Analysi, Compilation and Documentation |
| 260 ## - PUBLICATION, DISTRIBUTION, ETC. (IMPRINT) | |
| Place of publication | Delhi |
| Name of publisher | Ajanta Publications |
| Year of publication | 1987 |
| 500 ## - GENERAL NOTE | |
| General note | includes index and biblioraphy |
| 505 2# - FORMATTED CONTENTS NOTE | |
| Formatted contents note | Index |
| 650 ## - SUBJECT ADDED ENTRY--TOPICAL TERM | |
| Topical Term | Riots-India-Meerut |
| 650 ## - SUBJECT ADDED ENTRY--TOPICAL TERM | |
| Topical Term | Riots-India-Delhi |
| 942 ## - ADDED ENTRY ELEMENTS (KOHA) | |
| Koha item type | Books |
| 700 1# - | |
| -- | Engineer, Asghar Ali |
| Collection code | Home library | Current library | Date acquired | Cost, normal purchase price | Full call number | Accession Number | Koha item type |
|---|---|---|---|---|---|---|---|
| Henry Martyn Institute Library | Henry Martyn Institute Library | 04/10/2007 | 100.00 | 303.623 ENG2 | 014185 | Books |
